| 000 | 00351nam a2200145Ia 4500 | ||
|---|---|---|---|
| 008 | 240624s9999 xx 000 0 und d | ||
| 041 | _aeng | ||
| 082 | _a413 OXF | ||
| 100 | _aOXFORD | ||
| 245 | _aOXFORD DICTIONARY OF SCIENCE | ||
| 250 | _a(5th ed.) | ||
| 260 |
_c2006 _aNew Delhi _bOxford |
||
| 300 | _aviii, : 888 : p. : cm. ; 19 | ||
| 365 |
_cRS _b27 |
||
| 999 |
_c4734 _d4734 |
||